| 000 | 00530nam a22001217a 4500 | ||
|---|---|---|---|
| 040 | _cRUA | ||
| 082 | _aAVM HOR 2025 B705 Or.1 | ||
| 100 | _aHORN SOCHEATA, ហ៊ន សុជាតា | ||
| 245 | _aCattle haempoparasites at anam preah commune, bakan district, pursat province, បរាសិតក្នុងឈាមគោ នៅឃុំស្នាមព្រះ ស្រុកបាកាន ខេត្តពោធិ៍សាត់ | ||
| 260 |
_aPHNOM PENH _bRUA _c2025 |
||
| 300 |
_aix,35p. _bill. _c29cm. |
||
| 942 | _cAVM | ||
| 999 |
_c25806 _d25806 |
||